LEADER 01491cam2-2200445---450- 001 990002696580203316 005 20110110132625.0 035 $a000269658 035 $aUSA01000269658 035 $a(ALEPH)000269658USA01 035 $a000269658 100 $a20051222g20042005km-y0itay50------ba 101 $aita 102 $aIT 105 $a||||||||001yy 200 1 $a<> letteratura francescana$fa cura di Claudio Leonardi, con la collaborazione di Daniele Solvi 210 $aMilano$cFondazione Lorenzo Valla$cA. Mondadori$d2004-2005 215 $a2 v.$d21 cm 225 2 $aScrittori greci e latini 410 1$1001000271188$12001$aScrittori greci e latini 606 0 $aFrancescanesimo$zSec. 13.-14.$xFonti 676 $a271.3 702 1$aLEONARDI,$bClaudio$f<1926-2010> 702 1$aSOLVI,$bDaniele 801 0$aIT$bsalbc$gISBD 912 $a990002696580203316 951 $aV.3. Coll. 17/21/$bL.M.$cV.3. Coll. 959 $aBK 969 $aUMA 979 $aVITALE$b90$c20051222$lUSA01$h1201 979 $aVITALE$b90$c20060124$lUSA01$h1257 979 $aCHIARA$b90$c20060221$lUSA01$h1124 979 $aCHIARA$b90$c20060221$lUSA01$h1124 979 $aCHIARA$b90$c20060221$lUSA01$h1125 979 $aCHIARA$b90$c20060221$lUSA01$h1125 979 $aANNAMARIA$b90$c20061011$lUSA01$h1321 979 $aANNAMARIA$b90$c20061011$lUSA01$h1325 979 $aANNAMARIA$b90$c20110110$lUSA01$h1326 996 $aLetteratura francescana$91001396 997 $aUNISA LEADER 02362nas 22007573a 450 001 996215771303316 005 20221208213020.0 011 $a2169-3781 035 $a(OCoLC)42921639 035 $a(CKB)963018035581 035 $a(CONSER)--2012200642 035 $a(EXLCZ)99963018035581 100 $a19991202a19789999 --- a 101 0 $aeng 135 $aurun||||a|a|| 181 $ctxt$2rdacontent 182 $cc$2rdamedia 183 $acr$2rdacarrier 200 04$aThe IRE journal 210 $a[Columbia, Mo.] $c[Investigative Reporters and Editors] 311 $a0164-7016 517 3 $aInvestigative reporters and editors journal 531 $aIRE JOURNAL 531 $aINVESTIGATIVE REPORTERS & EDITORS, INC. THE IRE JOURNAL 531 0 $aIRE j. 606 $aInvestigative reporting$vPeriodicals 606 $aReporters and reporting$vPeriodicals 606 $aEditors$vPeriodicals 606 $aNewspaper editors$vPeriodicals 606 $aJournalists$vPeriodicals 606 $aReportage$vPériodiques 606 $aJournalisme d'enquête$vPériodiques 606 $aJournalistes$vPériodiques 606 $aÉditeurs$vPériodiques 606 $aRédacteurs en chef$vPériodiques 606 $aEditors$2fast$3(OCoLC)fst00902475 606 $aInvestigative reporting$2fast$3(OCoLC)fst00978154 606 $aJournalists$2fast$3(OCoLC)fst00984188 606 $aNewspaper editors$2fast$3(OCoLC)fst01037053 606 $aReporters and reporting$2fast$3(OCoLC)fst01094906 606 $aJournalistiek$2gtt 606 $aOnderzoek$2gtt 608 $aPeriodicals.$2fast 615 0$aInvestigative reporting 615 0$aReporters and reporting 615 0$aEditors 615 0$aNewspaper editors 615 0$aJournalists 615 6$aReportage 615 6$aJournalisme d'enquête 615 6$aJournalistes 615 6$aÉditeurs 615 6$aRédacteurs en chef 615 7$aEditors. 615 7$aInvestigative reporting. 615 7$aJournalists. 615 7$aNewspaper editors. 615 7$aReporters and reporting. 615 17$aJournalistiek. 615 17$aOnderzoek. 676 $a070.43 712 02$aInvestigative Reporters and Editors, Inc. 906 $aJOURNAL 912 $a996215771303316 996 $aThe IRE journal$92137894 997 $aUNISA LEADER 02150nam 2200637 a 450 001 9910785678903321 005 20230207213843.0 010 $a92-2-121771-X 035 $a(CKB)2670000000068511 035 $a(EBL)605752 035 $a(OCoLC)700697575 035 $a(SSID)ssj0001100991 035 $a(PQKBManifestationID)11628157 035 $a(PQKBTitleCode)TC0001100991 035 $a(PQKBWorkID)11067418 035 $a(PQKB)10004406 035 $a(MiAaPQ)EBC605752 035 $a(Au-PeEL)EBL605752 035 $a(CaPaEBR)ebr10512022 035 $a(EXLCZ)992670000000068511 100 $a20111212d2008 uy 0 101 0 $aeng 135 $aur|n|---||||| 181 $ctxt 182 $cc 183 $acr 200 00$aAsian decent work decade resource kit$b[electronic resource] $ecompetitiveness, productivity and jobs 210 $aGeneva $cInternational Labour Organization$d2008 215 $a1 online resource (30 p.) 300 $aDescription based upon print version of record. 311 $a92-2-121770-1 330 $aOffers a brief introduction to ILO's knowledge base on Asia and the Pacific. The resource kit can be useful to people who have a general interest in the issues as well as specialists who need additional technical resources. 606 $aLabor$zAsia 606 $aCompetition$zAsia 606 $aIndustrial productivity$zAsia 606 $aOccupations$zAsia 606 $aLabor policy$zAsia 606 $aIndustrial relations$zAsia 606 $aLabor laws and legislation, International 607 $aAsia$xSocial policy 615 0$aLabor 615 0$aCompetition 615 0$aIndustrial productivity 615 0$aOccupations 615 0$aLabor policy 615 0$aIndustrial relations 615 0$aLabor laws and legislation, International. 712 02$aILO Regional Office for Asia & the Pacific. 712 02$aInternational Labour Organization. 801 0$bMiAaPQ 801 1$bMiAaPQ 801 2$bMiAaPQ 906 $aBOOK 912 $a9910785678903321 996 $aAsian decent work decade resource kit$93846139 997 $aUNINA